[Event "Autumn Cup B Grade"]
[Site "Wellington Chess Club"]
[Date "2019.06.06"]
[Round "4"]
[White "Sellen, Ian"]
[Black "Nyberg, Michael"]
[Result "0-1"]
[WhiteElo "2053"]
[BlackElo "2091"]

1. c4 Nf6 2. Nc3 c6 3. Nf3 d5 4. d4 e6 5. e3 Nbd7 6. Bd3 dxc4 7. Bxc4 b5 8. Bd3
Bb7 9. O-O Be7 10. Bd2 a6 11. Qe2 c5 12. Rac1 O-O 13. Rfd1 c4 14. Bc2 Nb6 15.
a3 Rc8 16. e4 Qc7 17. h3 g6 18. Be3 Rfe8 19. Nh2 Bf8 20. Ng4 Bg7 21. Nxf6+ Bxf6
22. Qf3 Bg7 23. Qg4 Nd7 24. Bf4 e5 25. dxe5 Nxe5 26. Qg3 Qe7 27. Nd5 Bxd5 28.
exd5 Rcd8 29. Bg5 f6 30. Be3 b4 31. axb4 Qxb4 32. f4 Nf7 33. Qf2 Bf8 34. Ra1 $4
Rxe3 0-1

[Event "Autumn Cup B Grade"]
[Site "Wellington Chess Club"]
[Date "2019.06.06"]
[Round "4"]
[White "Stone, Andrew"]
[Black "Benitez, Edgar"]
[Result "0-1"]
[WhiteElo "2096"]
[BlackElo "2038"]

1. e4 c6 2. c4 e5 3. d4 exd4 4. Qxd4 c5 5. Qd1 Nc6 6. Nf3 d6 7. h3 Nf6 8. Nc3
Be7 9. Bf4 a6 10. Be2 Be6 11. O-O O-O 12. Qd2 Qc7 13. Nd5 Bxd5 14. exd5 Nb8 15.
Bd3 Nbd7 16. Rfe1 Rfe8 17. Qc2 Nf8 18. g4 Ng6 19. Bc1 Bf8 20. g5 Nd7 21. h4
Nde5 22. Nxe5 dxe5 23. h5 Nf4 24. Bxh7+ Kh8 25. Bxf4 exf4 26. Qf5 Bd6 27. h6
Be5 28. hxg7+ Kxg7 29. Re4 Re7 30. Rae1 Rae8 31. Qh3 Qd6 32. b3 Rh8 33. Qf5
Rhe8 34. Kg2 Bd4 35. Kf3 Rxe4 36. Rxe4 Rh8 37. Rxf4 Rf8 38. Re4 Qh2 39. g6
Qxf2+ 40. Kg4 Qxf5+ 41. Kxf5 fxg6+ 42. Kg5 Bf6+ 43. Kg4 Kxh7 44. Re6 Kg7 45.
Rb6 Rf7 46. b4 cxb4 47. Rxb4 Bd4 0-1

[Event "Autumn Cup B Grade"]
[Site "Wellington Chess Club"]
[Date "2019.06.13"]
[Round "5"]
[White "Benitez, Edgar"]
[Black "Sellen, Ian"]
[Result "1/2-1/2"]
[WhiteElo "2038"]
[BlackElo "2053"]

1. d4 d5 2. c4 e6 3. Nc3 Nf6 4. Bg5 Be7 5. Nf3 h6 6. Bh4 O-O 7. e3 b6 8. Rc1
Nbd7 9. Bd3 Bb7 10. O-O c5 11. Qe2 Ne4 12. Bxe7 Qxe7 13. Rfe1 Ndf6 14. cxd5
exd5 15. Ne5 a6 16. Na4 Qd6 17. b3 cxd4 18. exd4 Rfe8 19. Qb2 Ng5 20. Bf5 Ne6
21. g3 Ne4 22. Rc2 Nxd4 23. Qxd4 Qxe5 24. Qxe5 Rxe5 25. Bxe4 dxe4 26. Nxb6 Rae8
27. Rc7 R5e7 28. Rec1 Kh8 29. h4 g6 30. b4 Kg7 31. a4 e3 32. fxe3 Be4 33. Rxe7
Rxe7 34. Kf2 Re6 35. a5 Rd6 36. g4 Rd2+ 37. Kg3 Rb2 38. Rc4 f5 39. Kf4 Kf6 40.
Nd7+ Ke7 41. Nc5 Bc6 42. gxf5 Rf2+ 43. Kg4 gxf5+ 44. Kh5 Bb5 45. Rd4 Rf3 46.
Kxh6 Rxe3 47. Kg5 Re1 48. Kxf5 Kf7 49. Kg5 Kg7 50. Re4 Rg1+ 51. Rg4 Rf1 52. h5
Be2 53. Rg2 Bf3 54. Rg3 Be2 55. Ne4 Rh1 56. Kf4+ Kh6 57. Rg6+ Kxh5 58. Ng3+
Kxg6 59. Nxh1 Kf6 60. Ke4 Ke6 61. Kd4 Kd6 62. Ng3 Bg4 63. Ne4+ Kc6 64. Nc3 Bh3
65. Kc4 Bf1+ 66. Kb3 Bd3 67. Na4 Kb5 68. Nc5 Bc4+ 69. Kc3 Be2 70. Nb3 Bf1 71.
Nd4+ Ka4 72. Nc2 Bb5 73. Na1 Bf1 74. Nb3 Bb5 75. Nc5+ Ka3 76. Nb7 Ka4 77. Nd6
Bf1 78. Nc4 Kb5 79. Na3+ Ka4 80. Nc2 Kb5 81. Nd4+ Ka4 82. Nb3 Kb5 83. Nd2 Be2
84. Nb3 Bf1 85. Nc1 1/2-1/2

[Event "Autumn Cup B Grade"]
[Site "Wellington Chess Club"]
[Date "2019.06.13"]
[Round "5"]
[White "Tanoi, Edward"]
[Black "Stone, Andrew"]
[Result "0-1"]
[WhiteElo "2048"]
[BlackElo "2096"]

1. Nf3 Nf6 2. d4 g6 3. c4 Bg7 4. Nc3 d5 5. Bf4 {Getting Andrew out of prep but
knowing  it's not ideal set up for me. At least it's more of a chess game now.}
5... O-O 6. e3 c5 7. Be2 Nc6 8. h3 dxc4 9. d5 $5 Na5 10. O-O {the start of my
woes.}  (10. e4 $1 {helps consolidate the centre and pressures the f6 knight. I
didn't mind giving  up a pawn as I have an active position with well placed
pieces and central pawn  control.} ) 10... b5 $1 {protecting the c4 pawn but
threatening to undermine my protection  of the d5 pawn.} 11. Bg5 $6 {not
effective enough}  (11. d6 Qb6 12. dxe7 Re8 13. a4 b4 14. Nb5 Rxe7 15. Bc7 Rxc7
16. Qd8+ Bf8 17. Qxc7 Nd5 18. Qxb6 Nxb6 19. Rad1 {with a dynamic balanced
position} ) 11... b4 $1 12. Bxf6 Bxf6 13. Na4 Bd7 14. Nxc5 {regaining  my lost
material but at what cost?} 14... Rc8 15. Nxd7 Qxd7 16. e4 $6 {the computer
doesn't  like it but at the time I thought it gave me the best chance at
complicating the  position for Black and giving me a chance for counterplay.}
16... Bxb2 17. Rb1 c3 18. Qc2 {this is what I had aimed for. The bishop is out
of the game and if I can maintain  a blockade of the queenside pawns while also
activating my h pawn in combination  with my remaining pieces I might be able
to obtain some pressure on the enemy king  and the weakened dark squares.}
18... Nc4 $4 {Hallelujah, my prayers have been answered.}  (18... Qc7 19. Rfd1
Nc4 20. Bxc4 Qxc4 21. Rd4 Qb5) 19. Bxc4 $1 Rxc4 20. Ne5 {Unfortunately  Andrew
had a blind spot on e5 and realises he is losing the exchange.} 20... Qc7 {And
then in a split second I see I can take the bishop and then the rook because
I'll  have two pieces attacking it.} 21. Rxb2 $4 Qxe5 {Oops, unfortunately I
didn't see  that move until after I'd taken the Bishop. Waiting for Andrew to
play it felt agonisingly  long. Disgusted with myself, it was time to end the
misery there and then.} 0-1

[Event "Autumn Cup B Grade"]
[Site "Wellington Chess Club"]
[Date "2019.06.20"]
[Round "1"]
[White "Sellen, Ian"]
[Black "Stone, Andrew"]
[Result "1-0"]
[WhiteElo "2053"]
[BlackElo "2096"]

1. c4 e5 2. Nc3 Nf6 3. g3 d5 4. cxd5 Nxd5 5. Bg2 Nb6 6. Nf3 Be7 7. Nxe5 f6 8.
Nf3 Nc6 9. d4 Be6 10. O-O Qd7 11. e4 Bg4 12. Ne2 O-O-O 13. Be3 g5 14. d5 Ne5
15. Nxe5 fxe5 16. Qc2 h5 17. Rac1 Kb8 18. f3 Nxd5 19. exd5 Bf5 20. Qd2 Rdg8 21.
Rc4 b5 22. Rc6 b4 23. Rfc1 Bd6 24. Bc5 h4 25. Qxb4+ Ka8 26. Qa5 1-0

[Event "Autumn Cup C Grade"]
[Site "Wellington Chess Club"]
[Date "2019.05.16"]
[Round "1"]
[White "Chen, Wei Kai"]
[Black "Coghini, Phillip"]
[Result "1/2-1/2"]
[WhiteElo "1964"]
[BlackElo "1932"]

1. e4 e5 2. Nf3 Nc6 3. Bc4 Nf6 4. d3 d5 5. exd5 Nxd5 6. h3 Be7 7. O-O O-O 8.
Re1 Bf6 9. Nbd2 Be6 10. Ne4 h6 11. Nxf6+ Qxf6 12. Qe2 Nd4 13. Nxd4 exd4 14. Bd2
Rfe8 15. Qh5 c6 16. Re4 Bf5 17. Bxd5 cxd5 18. Ree1 Rxe1+ 19. Rxe1 Be6 1/2-1/2

[Event "Autumn Cup C Grade"]
[Site "Wellington Chess Club"]
[Date "2019.05.16"]
[Round "1"]
[White "Rossiter, Philip"]
[Black "Winter, Ryan"]
[Result "0-1"]
[WhiteElo "1936"]
[BlackElo "2015"]

1. d4 Nf6 2. c4 g6 3. Nc3 Bg7 4. e4 d6 5. Be2 O-O 6. Be3 e5 7. d5 Nfd7 8. g4 f5
9. gxf5 gxf5 10. exf5 Nf6 11. Qd2 Bxf5 12. O-O-O c6 13. h4 Qa5 14. Bh6 Ne4 15.
Qe3 Nxc3 16. bxc3 Bxh6 0-1

[Event "Autumn Cup C Grade"]
[Site "Wellington Chess Club"]
[Date "2019.05.23"]
[Round "2"]
[White "Forster, Bill"]
[Black "Winter, Ryan"]
[Result "1/2-1/2"]
[WhiteElo "2028"]
[BlackElo "2015"]

1. d4 Nf6 2. c4 g6 3. Nc3 Bg7 4. e4 d6 5. Nf3 O-O 6. h3 c5 7. d5 Re8 8. Bd3 Na6
9. O-O Nc7 10. Re1 a6 11. a4 e6 12. Bf4 e5 13. Be3 Bf8 14. Qd2 a5 15. Rf1 Nh5
16. Be2 Ng7 17. Nh2 f5 18. f4 exf4 19. Bxf4 fxe4 20. Rae1 Bf5 21. Ng4 Bxg4 22.
Bxg4 h5 $6 {Black is in a lot of trouble (lost in fact) and was almost out of
time, this looked very suspicious and I started looking to finish things} 23.
Bg5 {This should work but}  (23. Nxe4 $1 {immediately apparently is the most
convincing (over +4)} ) 23... e3 $1 {This was a very unwelcome surprise. The
boy wonder has done for me again! was my initial impression. White's position
looks overwhelming but for a while I thought I was just losing material} 24.
Rxe3 $1 {Finding this used up a lot of my time advantage. Ryan had seen it when
playing 23...e3. The logic of chess dictates that something like this should be
in the position - a huge positional advantage can't usually be overturned by a
tactic} 24... Be7 $1 (24... Qxg5 $4 25. Rxe8 $3 Qxd2 26. Rfxf8+ Kh7 27. Rh8#
{is the point} ) 25. Bxe7 Rxe7 26. Be2 $2 {I couldn't find a win}  ( {Again}
26. Ne4 $3 {I looked at it hard but couldn't make it work, after} 26... hxg4
27. Nf6+ Kf7 {I didn't think I had a good discovery but} 28. Nxg4+ Ke8 29.
Rxe7+ Kxe7 30. Qe3+ Kd7 31. Rf7+ {is pretty convincing} ) 26... Rxe3 27. Qxe3
Nf5 28. Qf4 Qe7 29. Bxh5 $1 {One small tactic to keep a winning advantage, but
unfortunately I was now out of time too and I wasn't up to the task of winning
a won ending. Disappointing} 29... Qe3+ 30. Kh2 Qxf4+ 31. Rxf4 Ne7 32. Bg4 Rf8
33. Kg3 Rd8 34. Ne4 Kg7 35. Ng5 Rf8 36. Ne4 Ne8 37. Rxf8 Kxf8 38. Kf4 (38. Bd7
$1 {winning fairly easily was my intention, and I can't explain why I didn't
play it} ) 38... Kg7 39. Bd7 Nf6 40. Nxf6 Kxf6 41. h4 Ng8 42. g4 Ne7 43. Be6
g5+ 44. hxg5+ Kg6 45. Bf5+ Kg7 46. g6 Kf6 {As I enter the game I find to my
surprise I was at over +13 now!} 47. g5+ $2 {I should keep that square for the
king} 47... Kg7 48. Bb1 Kg8 49. Kg4 Kf8 50. Kh5 Kg7 51. Bc2 Nc8 52. Kg4 Ne7 53.
Bf5 Ng8 54. Be6 Ne7 55. Bf7 Kh8 {= The computer shows me I still had a pretty
easy win in the final position, but I felt Black had a fortress, I was making
no progress and had no time to work anything out. The winning idea is to give
up the front pawn, advance the g5 pawn to g6, making g5 available for the King,
and then the King can't be prevented from getting to f5 or f6 (because of
Zugzwang) and then on to e6 with an easy win. Bummer.} 1/2-1/2

[Event "Autumn Cup C Grade"]
[Site "Wellington Chess Club"]
[Date "2019.05.23"]
[Round "2"]
[White "Laking, Robert"]
[Black "Chen, Wei Kai"]
[Result "0-1"]
[WhiteElo "1975"]
[BlackElo "1964"]

1. d4 Nf6 2. c4 g6 3. Nc3 Bg7 4. e4 d6 5. f3 O-O 6. Be3 e5 7. Nge2 Nc6 8. Nd5
Nxd5 9. cxd5 exd4 10. Bf2 Ne5 11. Nxd4 f5 12. Bd3 fxe4 13. Bxe4 Qg5 14. O-O h5
15. Ne6 Bxe6 16. dxe6 Nc6 17. h4 Qf6 18. Qb3 Nd4 19. Qxb7 Rab8 20. Qxa7 Ne2+
21. Kh1 Qxe6 22. Qe3 Rxb2 23. Rfd1 Qf6 24. Rab1 Nc3 25. Rxb2 Nxd1 26. Qb3+ Kh8
27. Rd2 Nxf2+ 28. Kg1 Nxe4 0-1

[Event "Autumn Cup C Grade"]
[Site "Wellington Chess Club"]
[Date "2019.05.30"]
[Round "3"]
[White "Chen, Wei Kai"]
[Black "Forster, Bill"]
[Result "1/2-1/2"]
[WhiteElo "1964"]
[BlackElo "2028"]

1. b3 {I didn't know Wei Kai played this. I decided not to play} 1... e5 (1...
d5 {and immediately concede e5 without a fight} ) 2. Bb2 Nc6 3. e4 {After the
game he told me he usually plays e3 instead. I think Black is already
comfortable here, as the fianchetto doesn't usually fit in with a 1.e4 e5
position} 3... Bc5 4. Nf3 d6 5. Bc4 Nf6 6. Nc3 Bg4 $6 {Someone should write a
book about all the ideas wrapped up in playing Bg4/g5/b4/b5 and the possible
response h3 then g4 (or h6 then g5. a3/b4, a6/b5). Incidentally it's simply
B-N5 and the possible response P-R3 and P-N4 in old money. Young people take
note that all your new fangled stuff like algebraic notation has downsides. My
take (for what it's worth). Sometimes you are simply happy to swap a bad bishop
for a good knight (not here). Sometimes you are trying to pressure either the
square or better the pawn d4 (not here really). Sometimes you are hoping for a
persistent (even permanent) annoying pin. Yes here. If Be2 or Nbd2 is either
unavailable or unattractive (because the piece in question is already
developed), that adds weight. Yes here. Annoyingly of course unless there's no
pawn on g2 the opponent can always just move their queen and let you capture
and spoil their pawn structure. It tends not to be that big of a deal in the
end, but let's ignore that aspect. If YOU HAVEN'T castled short that adds
weight, because the response h3 and g4 isn't going to create a pawn storm
attack on your king with tempo. BUT really, you only get the best of that
aspect if THE OPPONENT HAS castled short. Because then breaking the pin with h3
(and maybe g4) creates weaknesses in front of their king that you can exploit
by castling the other way. Even great players can forget about this, see
Aronian-Kramnik at the last Candidates (Aronian almost realised his mistake in
time, and played h3 to stop Bg4, but still that creates the weakness that was
all Kramnik needed to crush mercilessly). I was hoping to trick my opponent the
same way but my thinking process was muddled }  ( {clearly I needed to play a
waiting move, perhaps} 6... a6 {first and wait for him to castle} ) 7. h3 Bh5
8. g4 Bg6 {Of course by now I had realised my mistake, White is never going to
castle kingside now.} 9. Qe2 Qd7 10. O-O-O O-O-O {I felt obliged to follow else
I am castling into a pawn storm that's already well underway. All because some
lazy bugger hasn't got around to writing a book on B-N5 for me to read.
Actually if you really think about it, it's the damn algebraic notation that's
at fault. If we still used descriptive, you could title the book B-N5! If a
great title like that was available I'm sure the book would have been written
by now. With algebraic there's simply no simple way of describing the book's
idea.} 11. d3 Kb8 {This way I can kind of pretend I've castled normally on the
kingside like a sane person.} 12. Nd5 ( {After the game Michael Sole pointed
out that now with e4 firmly protected White can play} 12. Na4 $1 {Stockfish
agrees, rating that move as equal and other moves as advantage to Black. I
should have played the precautionary ...a6 at some point to give my bishop a
retreat} ) 12... Nxd5 13. Bxd5 Ne7 {I am actually threatening c6 and b5, so Wei
Kai played} 14. d4 $6 {which feels wrong because it tends to create an open
position where I have the bishop pair} 14... exd4 ( {I didn't play the
superior} 14... Nxd5 {because I didn't like} 15. dxc5 Nf4 {and White has a pin
on the d-file. But the computer simply plays} 16. Qd2 Qe7 17. cxd6 Rxd6 {and
Black is better} ) 15. Nxd4 (15. Bc4 {White could have kept his bishop} ) 15...
Nxd5 16. exd5 Rhe8 17. Qd2 ( {I admit it, I was hoping for} 17. Qb5 $4 Bxd4 $1)
17... Be4 18. Rhg1 $1 ( {I initially thought this was a mistake, I expected the
more natural} 18. Rhe1 {and I was struggling to find a good move after} 18...
Bxd5 19. Nf5 Bf3 20. Nxg7 {but when the same moves were played in the game I
belatedly realised that Wei Kai's move was in fact correct because} 20... Rg8
$1 {would have been available if he'd played my way at move 18 } ) 18... Bxd5
19. Nf5 Bf3 20. Nxg7 Re2 {This looks good too, Black's initiative is growing
and the bishops are doing good work} 21. Qd3 Qc6 22. Rg3 {I was expecting this
logical looking move, but the computer hates it. As I type this I still don't
know why, I guess I (we) will find out in a few moves}  ( {of course not} 22.
Qxh7 $4 Be4)  ( {the computer suggests} 22. Rgf1 {and grovelling} ) 22... Rxf2
23. Re1 Qd5 {I spent time here hoping for a combo finish, but couldn't find
anything. So I decided to try and just convert my extra pawn and two bishops.
But my pieces get slightly dis-coordinated}  ( { } 23... Bg2 $1 {The computer
calmly moves the Bishop to a protected square, puts the Rg3 in a box of sorts
and, keeps the queens, and the pressure on. It rates this a -2 pawns advantage}
) 24. Qxd5 Bxd5 25. Nf5 Rf4 {The computer is unimpressed, but dammit I like
this move - I need to get my other rook in the game to win, and I can do it by
disputing the e4 square. I also threaten Bf2} 26. Rd1 Be4 27. Nd4 Re8 28. Re3
d5 $1 {I've straightened out my pieces, they're all doing God's work now and I
should win} 29. Rde1 a6 {Just in case of later back rank issues} 30. c4
{Lashing out hopefully. This is rewarded as I now play my next two moves in
rapid succession without checking that I can really properly 'see' a position
two half moves in the future!} 30... dxc4 31. bxc4 Rd8 $4 {I still can barely
believe I played this} 32. Rxe4 {Oh well. I tried to keep a straight face. May
as well keep as many pieces on as possible and play on for a while, miracles
can happen}  ( {Somehow I envisaged a position where white had to play} 32. Rd1
{and succumb to pins left and right} ) 32... Rf2 33. Re8 Kc8 34. Nb3 Bb4 35.
Rxd8+ Kxd8 36. Bd4 $4 {Miracles do happen. My opponent picked up his bishop
with the intention of playing Bf6+ and noticed just in time that my rook
covered that square.  (It might have been better to just play it - in this form
maybe I wouldn't have noticed!). Sadly for him, touch move means that he has to
choose from the possible Bishop move blunders} 36... Bxe1 37. Bxf2 Bxf2 {(=)
Why the draw offer in this winning position? My opponent was visibly distraught
at his mistake, and I knew exactly how he felt. He had only made half a
blunder, it was very unfortunate that he had no decent Bishop move. I felt some
residual guilt from the previous week against Ryan where I had inadvertently
(tried to) violate the touch move rule. On that occasion I too had picked up a
bishop, realised it was a mistake, put it down, decided Kg5 was the right move,
realised I couldn't play it (touch move), then unaccountably tried to play pawn
f2-f3 instead! At least my opponent had the decency to obey touch move without
being asked! Also I kind of felt the two horrible incomprehensible blunders had
surely ruined the game and rendered any result meaningless. Finally the game
against Ryan had also proved that winning endings are no sure thing for me
anyway. Still, I probably should try and develop a ruthless streak. } 1/2-1/2

[Event "Autumn Cup C Grade"]
[Site "Wellington Chess Club"]
[Date "2019.05.30"]
[Round "3"]
[White "Rossiter, Philip"]
[Black "Laking, Robert"]
[Result "0-1"]
[WhiteElo "1936"]
[BlackElo "1975"]

1. c4 c5 2. Nc3 Nf6 3. Nf3 e6 4. g3 d5 5. cxd5 exd5 6. d4 Qb6 7. Bg2 Bd7 8. O-O
Bc6 9. Rb1 Ne4 10. Be3 Nd7 11. Qc2 Be7 12. Rfd1 O-O 13. dxc5 Bxc5 14. Nd4 f5
15. b4 Nxc3 16. Qxc3 Bxd4 17. Bxd4 Qa6 18. Qb3 Qb5 19. e4 fxe4 20. Bxe4 Nb6 21.
Bxb6 Qxb6 22. Bxd5+ Kh8 23. Rb2 Rf6 24. a4 Raf8 25. a5 Bxd5 26. Qxd5 Qc7 27.
Qc5 Qb8 28. Rd7 Qe8 29. Qe7 Qg6 30. Rd8 Qf5 31. Rbd2 b6 32. axb6 axb6 33. Rxf8+
Rxf8 34. f4 h6 35. Qd6 Re8 36. Qd3 Qh3 37. Re2 Ra8 38. Qe3 Ra1+ 39. Re1 Ra2 40.
Qe8+ Kh7 41. Qe4+ Kh8 {Think I must be missing the last move here, which must
have been a blunder} 0-1

[Event "Autumn Cup C Grade"]
[Site "Wellington Chess Club"]
[Date "2019.06.06"]
[Round "4"]
[White "Chen, Wei Kai"]
[Black "Rossiter, Philip"]
[Result "1-0"]
[WhiteElo "1964"]
[BlackElo "1936"]

1. e4 e6 2. d4 c5 3. Nf3 b6 4. d5 exd5 5. exd5 d6 6. c4 Nf6 7. Bd3 Be7 8. Nc3
Na6 9. h3 Nc7 10. Qe2 O-O 11. O-O a6 12. a4 Rb8 13. Ne4 b5 14. b3 Re8 15. Qc2
g6 16. Ng3 Bd7 17. h4 Ng4 18. h5 Bf6 19. Ra2 Bg7 20. Bf4 bxc4 21. bxc4 Ne5 22.
Nxe5 dxe5 23. Be3 a5 24. Bxc5 Na6 25. Ba3 f5 26. c5 e4 27. Bxa6 e3 28. c6 exf2+
29. Rxf2 Bc8 30. c7 1-0

[Event "Autumn Cup C Grade"]
[Site "Wellington Chess Club"]
[Date "2019.06.06"]
[Round "4"]
[White "Forster, Bill"]
[Black "Coghini, Phillip"]
[Result "1-0"]
[WhiteElo "2028"]
[BlackElo "1932"]

1. d4 Nf6 2. c4 e6 3. Nc3 d5 4. cxd5 exd5 5. Bg5 Be7 6. e3 Nbd7 7. Bd3 c6 8.
Nge2 h6 9. Bh4 Nf8 10. Qc2 g5 11. Bg3 Bd6 12. O-O-O Bxg3 13. Nxg3 Ne6 14. Kb1
Bd7 15. Nf5 Qc7 16. Qa4 a6 17. Qa3 c5 18. Nb5 Bxb5 19. Bxb5+ Nd7 20. dxc5 O-O
21. Ne7+ Kg7 22. Nxd5 Qe5 23. Bxd7 Rad8 24. Bxe6 fxe6 1-0

[Event "Autumn Cup C Grade"]
[Site "Wellington Chess Club"]
[Date "2019.06.06"]
[Round "4"]
[White "Laking, Robert"]
[Black "Winter, Ryan"]
[Result "0-1"]
[WhiteElo "1975"]
[BlackElo "2015"]

1. d4 g6 2. c4 Bg7 3. Nc3 d6 4. e4 Nf6 5. f4 O-O 6. Bd3 c5 7. d5 e6 8. Nf3 exd5
9. cxd5 Bg4 10. O-O a6 11. a4 Re8 12. h3 Bxf3 13. Qxf3 Nbd7 14. Ra2 Qc7 15. b3
Re7 16. Re2 Ne8 17. Nd1 Rb8 18. Ne3 b5 19. axb5 axb5 20. g4 Qc8 21. h4 c4 22.
bxc4 bxc4 23. Nxc4 Rb3 24. Na5 Qc5+ 25. Kh1 Qxa5 26. g5 Nc5 27. Rd1 Rc7 28.
Red2 Nxd3 29. Rxd3 Rxd3 30. Qxd3 Rc3 31. Qf1 Qa4 32. Re1 Qb3 33. e5 Rh3+ 34.
Kg1 Qg3+ 35. Qg2 Qxe1+ 0-1

[Event "Autumn Cup C Grade"]
[Site "Wellington Chess Club"]
[Date "2019.06.13"]
[Round "5"]
[White "Rossiter, Philip"]
[Black "Forster, Bill"]
[Result "0-1"]
[WhiteElo "1936"]
[BlackElo "2028"]

1. c4 c6 2. g3 d5 3. cxd5 cxd5 4. Bg2 Nf6 5. Nf3 Nc6 6. d4 Bf5 7. a3 e6 8. O-O
h6 9. Nc3 Bd6 10. Bd2 Rc8 11. b4 O-O 12. Na4 b6 13. Qb3 Ne4 14. Be3 Be7 15.
Rac1 Bf6 16. Rfd1 Qd7 17. Nb2 Nd6 18. a4 Rfd8 19. Nd3 Nc4 20. Nb2 Nxe3 21. fxe3
Qe7 22. Nd2 Nxb4 23. Rxc8 Rxc8 24. Nd3 Nxd3 25. exd3 Qc7 26. Rb1 Qc2 27. Qxc2
Rxc2 28. Nb3 Bxd3 0-1